| 000 | 00509nam a2200169Ia 4500 | ||
|---|---|---|---|
| 008 | 190805s9999||||xx |||||||||||||| ||und|| | ||
| 020 |
_a9789380658742 _cRs. 399.00 |
||
| 082 | 0 | 4 |
_a823.92 _bT7374 |
| 100 | 1 | _aTripathi, Amish | |
| 245 | 1 | 4 |
_aThe Immortals of Meluha / _cAmish Tripathi |
| 260 |
_aChennai : _bWestland Ltd., _c2010, reprinted 2018 |
||
| 300 |
_axviii, 417 p. _b : _c; 20 cm. |
||
| 490 | 0 | 0 |
_aShiva Trilogy ; _v1 |
| 650 | 0 |
_aIndus civilization _vFiction |
|
| 942 | _cBK | ||
| 999 |
_c447 _d447 |
||